00405pab a2200133 454500008004000000100001800040245011700058260000900175300001400184362001200198650003300210650001100243773001700254180718b2003 xxu||||| |||| 00| 0 eng d aMallick, Ayub aTribal economy and its patterns of transformation at Kanksa in Burdwan District, West Bengal - some observations c2003 ap.161-72. aJan-Jun aTribes - India - West Bengal aTribes aMan in India